000
003090000a22001450004500
001
000943
003
MACL
040
_a
MACL
090
_c
943
_d
943
100
_a
Khan, Saniyasnain
245
_a
Tell Me About Hajj
_c
Saniyasnain Khan
260
_a
Goodword Press,
_c
2001
650
_a
Religion
942
_k
298
_c
Book
999
_c
941
_d
941